书目信息 |
| 题名: |
跟大师学中庸
|
|
| 作者: | 翟鸿燊 著 | |
| 分册: | ||
| 出版信息: | 北京 金城出版社 2006.01 |
|
| 页数: | 293页 | |
| 开本: | 22cm | |
| 丛书名: | ||
| 单 册: | ||
| 中图分类: | B222-49 | |
| 科图分类: | ||
| 主题词: | ||
| 电子资源: | ||
| ISBN: | 7-80084-796-9 | |
| 000 | 00517nam0 2200181 450 | |
| 001 | 0662660681 | |
| 005 | 20060529095414.39 | |
| 010 | @a7-80084-796-9@dCNY 29.80 | |
| 100 | @a20060506d2006 km y0chiy0120 ea | |
| 101 | 0 | @achi |
| 102 | @aCN@b110000 | |
| 200 | 1 | @a跟大师学中庸@Agen da shi xue zhong yong@f翟鸿燊著@Fzhai hong shen zhu |
| 210 | @a北京@c金城出版社@d2006.01 | |
| 215 | @a293页@d22cm | |
| 690 | @aB222-49@v4 | |
| 701 | 0 | @a翟鸿燊@Azhai hong shen@4著 |
| 801 | 0 | @aCN@bPFT@c20060529 |
| 905 | @a10447@dB222-49@eZ046 | |
| 跟大师学中庸/翟鸿燊著.-北京:金城出版社,2006.01 |
| 293页;22cm |
| ISBN 7-80084-796-9:CNY 29.80 |
| ● |
| 相关链接 |
|
|
|
正题名:跟大师学中庸
索取号:B222-49/Z046
 
预约/预借
| 序号 | 登录号 | 条形码 | 馆藏地/架位号 | 状态 | 备注 |
| 1 | 603676 | 206036760 | 社科库509/509社科库 10排1列4层/ [索取号:B222-49/Z046] | 在馆 | |
| 2 | 603677 | 206036779 | 社科库509/509社科库 10排1列4层/ [索取号:B222-49/Z046] | 在馆 | |
| 3 | 603678 | 206036788 | 社科库509/509社科库 10排1列4层/ [索取号:B222-49/Z046] | 在馆 |